| 000 | 00760cam a22002651 4500 | ||
|---|---|---|---|
| 001 | 7261 | ||
| 003 | BD-RjUL | ||
| 005 | 20211208234404.0 | ||
| 008 | 140113s1960 pau 000 0 eng | ||
| 035 | _a(BD-RjUL)7304 | ||
| 035 | _a(OCoLC)1320476 | ||
| 040 |
_aDLC _cFO _dOCoLC _dBD-RjUL _beng |
||
| 041 | _aeng | ||
| 082 |
_a301.435 _bARU 1960 |
||
| 100 | 1 |
_aArthur, Julietta K. _922688 |
|
| 245 | 1 | 0 |
_aYou and yours : _bhow to help older people / _cJulietta K. Arthur |
| 260 |
_aPhiladelphia : _bLippincott, _cc1960. |
||
| 300 |
_a315 p. _c19 cm. |
||
| 490 | 0 |
_aKeystone books, _vKB-22 |
|
| 500 | _a"Based on [the author's] How to help older people." | ||
| 650 | 0 |
_aOlder people. _922689 |
|
| 942 |
_2ddc _cBK |
||
| 999 |
_c7261 _d7261 |
||